000 00372nam a22001577a 4500
005 20160531144140.0
008 160531b xxu||||| |||| 00| 0 eng d
020 _a978-81-314-2141-3
041 _aeng
082 _b6403
245 _aCase Studies on Management Strategics (vol-IV)
260 _bICFAI Press
300 _a265
650 _aManagement
_9241
942 _cBK
999 _c2253
_d2252